Por un contrato de cohesión social: apuntes exploratorios /
El presente trabajo indaga en la adecuación y fertilidad del uso de la noción "contrato" en relación con la cohesión social, con el fin de incluir dentro de los objetivos del Estado el garantizar a todo ciudadano un nivel de vida digno que, en términos jurídicos, se traduzca en el reconoci...
Enregistré dans:
| Auteur principal: | |
|---|---|
| Format: | Texte |
| Collection: | SERIE POLITICAS SOCIALES/CEPAL
|
| Sujets: | |
| Tags: |
Ajouter un tag
Pas de tags, Soyez le premier à ajouter un tag!
|
MARC
| LEADER | 00000 a a2200000 04500 | ||
|---|---|---|---|
| 001 | 48059 | ||
| 003 | |||
| 040 | |||
| 090 | |a REV1291 (129) 2007 | ||
| 100 | |a Courtis, Christian. Espejo, Nicolás. | ||
| 245 | |a Por un contrato de cohesión social: |b apuntes exploratorios / |c Nicolás. Courtis, Christian. Espejo | ||
| 440 | |a SERIE POLITICAS SOCIALES/CEPAL | ||
| 520 | |a El presente trabajo indaga en la adecuación y fertilidad del uso de la noción "contrato" en relación con la cohesión social, con el fin de incluir dentro de los objetivos del Estado el garantizar a todo ciudadano un nivel de vida digno que, en términos jurídicos, se traduzca en el reconocimiento de derechos sociales acordes con la noción de nivel de vida digno o adecuado, entendido como acceso a un umbral de protección social y a determinadas prestaciones sociales. | ||
| 650 | |a COHESION SOCIAL | ||
| 650 | |a INTEGRACION SOCIAL | ||
| 650 | |a EXCLUSION SOCIAL | ||
| 650 | |a ASPECTOS JURIDICOS | ||
| 650 | |a ESTADO | ||
| 650 | |a TEORIA | ||
| 773 | |g número129, (2007), página43. | ||
| 999 | |c 29308 |d 29308 | ||
